000 01124nam a2200301 i 4500
001 000047280
003 DO-SdBNP
005 20231017085638.0
007 ta
008 180426s2017 dr a 000 0 spa d
020 _a9789945194739
040 _aDO-SdBNP
_bspa
_cBNPHU
_erda
082 4 _bL566e
_222
245 0 0 _aLengua española 2 :
_bprimero ciclo, educación primaria /
_cMaria Isabel Incháustegui ... [et al.] ; dirección editorial, Claudia Llibre; ilustración, Ruddy Núñez.
250 _a2a. ed.
264 _aSanto Domingo :
_bSantillana,
_c2017.
300 _a215 páginas :
_bilustraciones ;
_c29 cm.
336 _2rdacontent
_atexto
_btxt
337 _2rdamedia
_asin mediación
_bn
338 _2rdacarrier
_avolumen
_bnc
500 _aActualización según el nuevo diseño curricular oficial
500 _ala biblioteca posee solamente Guía didáctica. Recursos didácticos para el docente
590 _aInventariado, 2018/MFF
700 1 _aIncháutegui, Maria Isabel
_974976
700 1 _aLibre, Claudia,
_eeditor
_930469
700 1 _aNúñez, Ruddy,
_eilustraciones
_923171
942 _2ddc
_cLBS1
999 _c46768
_d46768